Villes mondiales finissant par I - Statistiques

Statistiques générales
  • Ce quiz a été pris 101 fois
    56 depuis la dernière actualisation
  • Le résultat moyen est 14 sur 20
Statistiques - réponses
Question Villes % Correct
Ville la plus touristique de la Floride Miami
95%
Capitale de l'Inde New Delhi
95%
Capitale du Vietnam Hanoï
93%
Capitale du Kenya Nairobi
93%
Capitale des Émirats arabes unis Abou Dabi
88%
Ville de se même pays ou se situe Burj Khalifa Dubaï
85%
Station balnéaire très touristique de l'Indonésie Bali
83%
On la voit au Liban et en Libye Tripoli
83%
Anagramme de la réponse précédente pour trouver une préfecture de France Albi
80%
Ville connue pour avoir été détruite par une bombe Nagasaki
80%
Ville russe ayant accueilli la F1 et les JO Sotchi
75%
Capitale du Timor Oriental Dili
63%
Plus grande ville du Pakistan sur l'Océan Indien Karachi
60%
Pour les Comores tu penses a quelle ville Moroni
60%
Grande ville de Colombie, ou auteur compositeur français Cali
58%
Ville chinoise peuplée de près de 25 millions d'habitants en 2023 Shanghai
55%
Atlanta pour l'état mais pour le pays c'est Tbilissi
48%
Et celle du Tuvalu tu la connais ? Funafuti
38%
La porte de la Laponie en Finlande Rovaniemi
35%
Départ du tour de France en 1975 depuis cette ville de Belgique Charleroi
33%
Aucun quiz correspondant
Distribution des résultats
% des personnes avec chaque résultat
Percentile par nombre de réponses
Votre historique - résultats
Vous n’avez pas pris ce quiz depuis la dernière actualisation